<?xml version="1.0" encoding="UTF-8"?>
<record
    xmlns:xsi="http://www.w3.org/2001/XMLSchema-instance"
    xsi:schemaLocation="http://www.loc.gov/MARC21/slim http://www.loc.gov/standards/marcxml/schema/MARC21slim.xsd"
    xmlns="http://www.loc.gov/MARC21/slim">

  <leader>00789nas a22002173  4500</leader>
  <controlfield tag="001">10677371</controlfield>
  <controlfield tag="003">OSt</controlfield>
  <controlfield tag="005">20210622103410.0</controlfield>
  <controlfield tag="008">880109u        xx  u         0  0 0und  </controlfield>
  <datafield tag="010" ind1=" " ind2=" ">
    <subfield code="a">sv 88003142 </subfield>
  </datafield>
  <datafield tag="040" ind1=" " ind2=" ">
    <subfield code="c">LC</subfield>
  </datafield>
  <datafield tag="050" ind1=" " ind2=" ">
    <subfield code="a">KRX13.G43</subfield>
  </datafield>
  <datafield tag="110" ind1=" " ind2=" ">
    <subfield code="b">Ministry of the Interior, Ghana</subfield>
  </datafield>
  <datafield tag="245" ind1="0" ind2="0">
    <subfield code="a">Acts of Ghana. /</subfield>
  </datafield>
  <datafield tag="310" ind1=" " ind2=" ">
    <subfield code="a">Irregular</subfield>
  </datafield>
  <datafield tag="500" ind1=" " ind2=" ">
    <subfield code="a">Act 29 - Criminal offences Act, 1960, with Amendments: Act 554, 646, and 849
Act 55 - Bills of exchange Act, 1961
Act 749 - Anti-money laundering Act, 2008
Act 804 - Economic and organised crime Act, 2010
Act 874 - Anti-money laundering (Amendment) Act, 2014
</subfield>
  </datafield>
  <datafield tag="520" ind1=" " ind2=" ">
    <subfield code="u">https://www.mint.gov.gh/acts/</subfield>
  </datafield>
  <datafield tag="653" ind1=" " ind2=" ">
    <subfield code="a">Law -- Ghana</subfield>
  </datafield>
  <datafield tag="906" ind1=" " ind2=" ">
    <subfield code="a">0</subfield>
    <subfield code="b">bbc</subfield>
    <subfield code="c">serlocs</subfield>
    <subfield code="d">u</subfield>
    <subfield code="e">ncip</subfield>
    <subfield code="f">19</subfield>
    <subfield code="g">ilsserca</subfield>
  </datafield>
  <datafield tag="942" ind1=" " ind2=" ">
    <subfield code="2">lcc</subfield>
    <subfield code="c">BK</subfield>
  </datafield>
  <datafield tag="999" ind1=" " ind2=" ">
    <subfield code="c">7659</subfield>
    <subfield code="d">15159</subfield>
  </datafield>
  <datafield tag="952" ind1=" " ind2=" ">
    <subfield code="0">0</subfield>
    <subfield code="1">0</subfield>
    <subfield code="2">lcc</subfield>
    <subfield code="4">0</subfield>
    <subfield code="7">0</subfield>
    <subfield code="a">WIUC-KL</subfield>
    <subfield code="b">WIUC-KL</subfield>
    <subfield code="c">LL</subfield>
    <subfield code="d">2019-09-16</subfield>
    <subfield code="o">KRX13.G43(Act 29)</subfield>
    <subfield code="p">KSL/234/19</subfield>
    <subfield code="r">2021-06-21 00:00:00</subfield>
    <subfield code="t">1</subfield>
    <subfield code="u">https://www.mint.gov.gh/acts/</subfield>
    <subfield code="w">2021-06-21</subfield>
    <subfield code="y">BK</subfield>
  </datafield>
  <datafield tag="952" ind1=" " ind2=" ">
    <subfield code="0">0</subfield>
    <subfield code="1">0</subfield>
    <subfield code="2">lcc</subfield>
    <subfield code="4">0</subfield>
    <subfield code="7">0</subfield>
    <subfield code="a">WIUC-KL</subfield>
    <subfield code="b">WIUC-KL</subfield>
    <subfield code="c">LL</subfield>
    <subfield code="d">2019-09-16</subfield>
    <subfield code="o">KRX13.G431(Act 29)</subfield>
    <subfield code="p">KSL/235/19</subfield>
    <subfield code="r">2021-06-22 00:00:00</subfield>
    <subfield code="t">2</subfield>
    <subfield code="u">https://www.mint.gov.gh/acts/</subfield>
    <subfield code="w">2021-06-21</subfield>
    <subfield code="y">BK</subfield>
  </datafield>
  <datafield tag="952" ind1=" " ind2=" ">
    <subfield code="0">0</subfield>
    <subfield code="1">0</subfield>
    <subfield code="2">lcc</subfield>
    <subfield code="4">0</subfield>
    <subfield code="7">0</subfield>
    <subfield code="a">WIUC-KL</subfield>
    <subfield code="b">WIUC-KL</subfield>
    <subfield code="c">LL</subfield>
    <subfield code="d">2019-09-16</subfield>
    <subfield code="o">KRX13.G43(Act 55)</subfield>
    <subfield code="p">KSL/232/19</subfield>
    <subfield code="r">2021-06-22 00:00:00</subfield>
    <subfield code="t">1</subfield>
    <subfield code="u">https://www.mint.gov.gh/acts/</subfield>
    <subfield code="w">2021-06-21</subfield>
    <subfield code="y">BK</subfield>
  </datafield>
  <datafield tag="952" ind1=" " ind2=" ">
    <subfield code="0">0</subfield>
    <subfield code="1">0</subfield>
    <subfield code="2">lcc</subfield>
    <subfield code="4">0</subfield>
    <subfield code="7">0</subfield>
    <subfield code="a">WIUC-KL</subfield>
    <subfield code="b">WIUC-KL</subfield>
    <subfield code="c">LL</subfield>
    <subfield code="d">2019-09-16</subfield>
    <subfield code="o">KRX13.G431(Act 55)</subfield>
    <subfield code="p">KSL/233/19</subfield>
    <subfield code="r">2021-06-22 00:00:00</subfield>
    <subfield code="t">2</subfield>
    <subfield code="u">https://www.mint.gov.gh/acts/</subfield>
    <subfield code="w">2021-06-21</subfield>
    <subfield code="y">BK</subfield>
  </datafield>
  <datafield tag="952" ind1=" " ind2=" ">
    <subfield code="0">0</subfield>
    <subfield code="1">0</subfield>
    <subfield code="2">lcc</subfield>
    <subfield code="4">0</subfield>
    <subfield code="7">0</subfield>
    <subfield code="a">WIUC-KL</subfield>
    <subfield code="b">WIUC-KL</subfield>
    <subfield code="c">LL</subfield>
    <subfield code="d">2019-09-16</subfield>
    <subfield code="o">KRX13.G43(Act 804)</subfield>
    <subfield code="p">KSL/236/19</subfield>
    <subfield code="r">2021-06-22 00:00:00</subfield>
    <subfield code="t">1</subfield>
    <subfield code="u">https://www.mint.gov.gh/acts/</subfield>
    <subfield code="w">2021-06-21</subfield>
    <subfield code="y">BK</subfield>
  </datafield>
  <datafield tag="952" ind1=" " ind2=" ">
    <subfield code="0">0</subfield>
    <subfield code="1">0</subfield>
    <subfield code="2">lcc</subfield>
    <subfield code="4">0</subfield>
    <subfield code="7">0</subfield>
    <subfield code="a">WIUC-KL</subfield>
    <subfield code="b">WIUC-KL</subfield>
    <subfield code="c">LL</subfield>
    <subfield code="d">2019-09-16</subfield>
    <subfield code="o">KRX13.G431(Act 804)</subfield>
    <subfield code="p">KSL/237/19</subfield>
    <subfield code="r">2021-06-22 00:00:00</subfield>
    <subfield code="t">2</subfield>
    <subfield code="u">https://www.mint.gov.gh/acts/</subfield>
    <subfield code="w">2021-06-21</subfield>
    <subfield code="y">BK</subfield>
  </datafield>
  <datafield tag="952" ind1=" " ind2=" ">
    <subfield code="0">0</subfield>
    <subfield code="1">0</subfield>
    <subfield code="2">lcc</subfield>
    <subfield code="4">0</subfield>
    <subfield code="7">0</subfield>
    <subfield code="a">WIUC-KL</subfield>
    <subfield code="b">WIUC-KL</subfield>
    <subfield code="c">LL</subfield>
    <subfield code="d">2019-09-16</subfield>
    <subfield code="o">KRX13.G43(Act 874)</subfield>
    <subfield code="p">KSL/238/19</subfield>
    <subfield code="r">2021-06-22 00:00:00</subfield>
    <subfield code="t">1</subfield>
    <subfield code="u">https://www.mint.gov.gh/acts/</subfield>
    <subfield code="w">2021-06-21</subfield>
    <subfield code="y">BK</subfield>
  </datafield>
  <datafield tag="952" ind1=" " ind2=" ">
    <subfield code="0">0</subfield>
    <subfield code="1">0</subfield>
    <subfield code="2">lcc</subfield>
    <subfield code="4">0</subfield>
    <subfield code="7">0</subfield>
    <subfield code="a">WIUC-KL</subfield>
    <subfield code="b">WIUC-KL</subfield>
    <subfield code="c">LL</subfield>
    <subfield code="d">2019-09-16</subfield>
    <subfield code="o">KRX13.G431(Act 874)</subfield>
    <subfield code="p">KSL/239/19</subfield>
    <subfield code="r">2021-06-22 00:00:00</subfield>
    <subfield code="t">2</subfield>
    <subfield code="u">https://www.mint.gov.gh/acts/</subfield>
    <subfield code="w">2021-06-21</subfield>
    <subfield code="y">BK</subfield>
  </datafield>
  <datafield tag="952" ind1=" " ind2=" ">
    <subfield code="0">0</subfield>
    <subfield code="1">0</subfield>
    <subfield code="2">lcc</subfield>
    <subfield code="4">0</subfield>
    <subfield code="7">0</subfield>
    <subfield code="a">WIUC-KL</subfield>
    <subfield code="b">WIUC-KL</subfield>
    <subfield code="c">LL</subfield>
    <subfield code="d">2019-09-16</subfield>
    <subfield code="o">KRX13.G43(Act 749)</subfield>
    <subfield code="p">KSL/240/19</subfield>
    <subfield code="r">2021-06-22 00:00:00</subfield>
    <subfield code="t">1</subfield>
    <subfield code="u">https://www.mint.gov.gh/acts/</subfield>
    <subfield code="w">2021-06-21</subfield>
    <subfield code="y">BK</subfield>
  </datafield>
  <datafield tag="952" ind1=" " ind2=" ">
    <subfield code="0">0</subfield>
    <subfield code="1">0</subfield>
    <subfield code="2">lcc</subfield>
    <subfield code="4">0</subfield>
    <subfield code="7">0</subfield>
    <subfield code="a">WIUC-KL</subfield>
    <subfield code="b">WIUC-KL</subfield>
    <subfield code="c">LL</subfield>
    <subfield code="d">2019-09-16</subfield>
    <subfield code="o">KRX13.G431(Act 749)</subfield>
    <subfield code="p">KSL/241/19</subfield>
    <subfield code="r">2021-06-22 00:00:00</subfield>
    <subfield code="t">2</subfield>
    <subfield code="u">https://www.mint.gov.gh/acts/</subfield>
    <subfield code="w">2021-06-21</subfield>
    <subfield code="y">BK</subfield>
  </datafield>
</record>
